1667 1804 1160 1615 1851 1727 1666 1929 1966 1798 1691 1622 1613 1026 1789 1374 1062 1125 1043 1933 1317 1360 1170 1561 1790 1470 1293 1113 1079 1418 1545 1324 1970 1832 1189 1906 1422 1490 1554 1728 1410 1825 1290 1609 1079 1237 1819 1232 1011 1801 1827 1708 1973 1842 1249 1871 1769 1363 1634 1428 2000 1337 1228 1606 1633 1440 1112 1709 1346 1612 1120 1255 1177 1948 1591 1524 1041 1409 1431 1509 1422 1522 1096 1620 1781 1038 1713 1789 1913 1702 1111 1095 1087 1422 1519 1581 1880 1476 1334 BCNSPRNW ULIB Ver.6.0+V

เปลี่ยนเป็นภาษาไทย

Change to English
 แสดงรายละเอียดบรรณานุกรม
  กลับหน้าหลัก

Brief Record : Get Marc (ISO 2709) : E-mail record : QR code < ปิดหน้าต่าง
LEADER : 00000nam 2200000uu 4500
001    13399128078
003     ULIB
008    220509s2564||||th 000 0 tha d
020    ^a9786163985774^c280
060  4 ^aWY160^bข269ก
100 0  ^aขวัญพนมพร ธรรมไทย
245 10 ^aการพยาบาลจิตเวชและสุขภาพจิตในกลุ่มที่เลือกสรร :^bบุคลิกภาพผิดปกติ พฤติกรรมก้าวร้าวและการถูกทารุณกรรม /^cขวัญพนมพร ธรรมไทย
260    ^aเชียงใหม่ :^bคณะพยาบาลศาสตร์ มหาวิทยาลัยเชียงใหม่,^c2565
300    ^a160 หน้า
650  4 ^aการพยาบาลจิตเวชศาสตร์
650  4 ^aบุคลิกภาพผิดปกติ^xการพยาบาล
650  4 ^aสุขภาพจิต
710 2  ^aมหาวิทยาลัยเชียงใหม่.^bคณะพยาบาลศาสตร์.
945    ^p280^l0^i29242
945    ^p280^l0^i29243
945    ^p280^l0^i29244
945    ^p280^l0^i29245
945    ^p280^l0^i29246
999    ^aกัณชพร จุลอักษร
รายการนี้ยังไม่มีแท็ก
คุณยังไม่ได้ล็อกอิน คุณสามารถมีกิจกรรมร่วมกับเว็บไซต์ได้ แต่ต้องล็อกอินก่อน ::
  ล็อกอิน

รายการสื่อสารสนเทศ

ลำดับที่ ประเภท เลขเรียก/บาร์โค้ด สถานที่ สถานะ
1. หนังสือสำรอง
หนังสือสำรอง
WY160 ข269ก ฉ.1 
  Barcode: 29242
ห้องสมุดวิทยาเขตสวรรค์ประชารักษ์
►หนังสือทั่วไป
บนชั้น
2. วิทยาศาสตร์การแพทย์ และสุขภาพ
วิทยาศาสตร์การแพทย์ และสุขภาพ
WY160 ข269ก ฉ.2 
  Barcode: 29243
ห้องสมุดวิทยาเขตสวรรค์ประชารักษ์
►หนังสือทั่วไป
บนชั้น
3. วิทยาศาสตร์การแพทย์ และสุขภาพ
วิทยาศาสตร์การแพทย์ และสุขภาพ
WY160 ข269ก ฉ.3 
  Barcode: 29244
ห้องสมุดวิทยาเขตสวรรค์ประชารักษ์
►หนังสือทั่วไป
บนชั้น
4. วิทยาศาสตร์การแพทย์ และสุขภาพ
วิทยาศาสตร์การแพทย์ และสุขภาพ
WY160 ข269ก ฉ.4 
  Barcode: 29245
ห้องสมุดวิทยาเขตสวรรค์ประชารักษ์
►หนังสือทั่วไป
บนชั้น
5. วิทยาศาสตร์การแพทย์ และสุขภาพ
วิทยาศาสตร์การแพทย์ และสุขภาพ
WY160 ข269ก ฉ.5 
  Barcode: 29246
ห้องสมุดวิทยาเขตสวรรค์ประชารักษ์
►หนังสือทั่วไป
บนชั้น

รายการใกล้เคียง
    ผู้แต่ง [ขวัญพนมพร ธรรมไทย]

    หัวเรื่อง [การพยาบาลจิตเวชศาสตร์]
    หัวเรื่อง [สุขภาพจิต]

BibComment


ยังไม่เคยถูกคอมเมนท์

คอมเมนท์ทรัพยากรรายการนี้
  คอมเมนท์: การพยาบาลจิตเวชแ..


 Copyright 2026. Bcnsprnw @Library